00468nam a22001697a 450000500170000001000150001702000260003203500140005803700090007208200100008110000190009124500600011025000060017026000340017627000680021030000200027820260622163350.0 aENG-148909 a9789393270696c750.00 aEN-132441 bDBAD a025.1 aPrashant kumar aEssential of Public Library Management/cPrashant Kumar a1 aDelhibDiamond Creationc2024 a21 north, Basti harphool singh Sadar Thana Road,bDelhie110006 a145p.c22cm(Hb)